Top 10 most spoken languages worldwide - Statistics

General Stats
  • This quiz has been taken 80 times
  • The average score is 8 of 10
Answer Stats
Number of speakers Answer % Correct
1. 1.132.000.000 English
100%
4. 534.000.000 Spanish
99%
5. 280.000.000 French
95%
2. 1.117.000.000 Mandarin
95%
9. 234.000.000 Portuguese
90%
6. 274.000.000 Arabic
84%
3. 615.000.000 Hindi
84%
8. 258.000.000 Russian
82%
7. 265.000.000 Bengali
41%
10. 198.000.000 Indonesian
34%
No matching quizzes found
Score Distribution
Percent of People with Each Score
Percentile by Number Answered
Your Score History
You have not taken this quiz